<?xml version="1.0" encoding="UTF-8"?>
<collection xmlns="http://www.loc.gov/MARC21/slim">
 <record>
  <leader>     na                 </leader>
  <controlfield tag="001">INLIS000000000902684</controlfield>
  <controlfield tag="005">20260211091212</controlfield>
  <datafield tag="035" ind1=" " ind2=" ">
   <subfield code="a">0010-0226000520</subfield>
  </datafield>
  <controlfield tag="007">ta</controlfield>
  <controlfield tag="008">260211s2024    yoia   g      001 0 ind d</controlfield>
  <datafield tag="020" ind1=" " ind2=" ">
   <subfield code="a">978-623-02-8540-0</subfield>
  </datafield>
  <datafield tag="082" ind1="0" ind2="4">
   <subfield code="2">23</subfield>
   <subfield code="a">333.91</subfield>
  </datafield>
  <datafield tag="084" ind1=" " ind2=" ">
   <subfield code="a">333.91 TEB s</subfield>
  </datafield>
  <datafield tag="100" ind1="3" ind2=" ">
   <subfield code="a">Tebay, Selvi</subfield>
   <subfield code="e">Pengarang</subfield>
  </datafield>
  <datafield tag="245" ind1="1" ind2="0">
   <subfield code="a">Sumber daya perairan Papua :</subfield>
   <subfield code="b">potensi, ancaman dan pengelolaan /</subfield>
   <subfield code="c">Selvi Tebay, Emmanuel Manangkalangi, Nurhani Widiastuti, Hermina Haluk, Fajar K. Rohmala, Dedi Parenden, Ida Lapadi, Jeni, Febriza Dwiranti, Fitriyah Irmawati E. Saleh; penyunting, Abdul Hamid A. Toha</subfield>
  </datafield>
  <datafield tag="250" ind1=" " ind2=" ">
   <subfield code="a">Cetakan Pertama: Mei 2024</subfield>
  </datafield>
  <datafield tag="300" ind1=" " ind2=" ">
   <subfield code="a">xx, 366 halaman :</subfield>
   <subfield code="b">gambar, tabel ;</subfield>
   <subfield code="c">23 cm</subfield>
  </datafield>
  <datafield tag="500" ind1=" " ind2=" ">
   <subfield code="a">Indeks</subfield>
  </datafield>
  <datafield tag="650" ind1=" " ind2="4">
   <subfield code="a">Sumber daya perairan</subfield>
  </datafield>
  <datafield tag="700" ind1="3" ind2=" ">
   <subfield code="a">Manangkalangi, Emmanuel</subfield>
   <subfield code="e">Pengarang</subfield>
  </datafield>
  <datafield tag="700" ind1="0" ind2=" ">
   <subfield code="a">Nurhani Widiastuti</subfield>
   <subfield code="e">Pengarang</subfield>
  </datafield>
  <datafield tag="700" ind1="3" ind2=" ">
   <subfield code="a">Haluk, Hermina</subfield>
   <subfield code="e">Pengarang</subfield>
  </datafield>
  <datafield tag="700" ind1="0" ind2=" ">
   <subfield code="a">Fajar K. Rohmala</subfield>
   <subfield code="e">Pengarang</subfield>
  </datafield>
  <datafield tag="700" ind1="3" ind2=" ">
   <subfield code="a">Parenden, Dedi</subfield>
   <subfield code="e">Pengarang</subfield>
  </datafield>
  <datafield tag="700" ind1="0" ind2=" ">
   <subfield code="a">Ida Lapadi</subfield>
   <subfield code="e">Pengarang</subfield>
  </datafield>
  <datafield tag="700" ind1="0" ind2=" ">
   <subfield code="a">Jeni</subfield>
   <subfield code="e">Pengarang</subfield>
  </datafield>
  <datafield tag="700" ind1="0" ind2=" ">
   <subfield code="a">Febriza Dwiranti</subfield>
   <subfield code="e">Pengarang</subfield>
  </datafield>
  <datafield tag="700" ind1="0" ind2=" ">
   <subfield code="a">Fitriyah Irmawati E. Saleh</subfield>
   <subfield code="e">Pengarang</subfield>
  </datafield>
  <datafield tag="700" ind1="0" ind2=" ">
   <subfield code="a">Abdul Hamid A. Toha</subfield>
   <subfield code="e">Penyunting</subfield>
  </datafield>
  <datafield tag="504" ind1=" " ind2=" ">
   <subfield code="a">Termasuk bibliografi</subfield>
  </datafield>
  <datafield tag="264" ind1="3" ind2="1">
   <subfield code="a">Sleman :</subfield>
   <subfield code="b">Deepublish,</subfield>
   <subfield code="c">2024</subfield>
  </datafield>
  <datafield tag="336" ind1=" " ind2=" ">
   <subfield code="2">rdacontent</subfield>
   <subfield code="a">teks</subfield>
  </datafield>
  <datafield tag="337" ind1=" " ind2=" ">
   <subfield code="2">rdamedia</subfield>
   <subfield code="a">tanpa perantara</subfield>
  </datafield>
  <datafield tag="338" ind1=" " ind2=" ">
   <subfield code="2">rdacarrier</subfield>
   <subfield code="a">volume</subfield>
  </datafield>
  <datafield tag="040" ind1=" " ind2=" ">
   <subfield code="a">YOPDYOG</subfield>
   <subfield code="b">ind</subfield>
   <subfield code="e">rda</subfield>
  </datafield>
  <datafield tag="090" ind1=" " ind2=" ">
   <subfield code="a">CB-D.11 2024-7462</subfield>
  </datafield>
  <datafield tag="850" ind1=" " ind2=" ">
   <subfield code="a">YOPDYOG</subfield>
  </datafield>
  <datafield tag="999" ind1=" " ind2=" ">
   <subfield code="a">CB-D.11/2024-7462</subfield>
  </datafield>
  <datafield tag="990" ind1=" " ind2=" ">
   <subfield code="a">CB-D.11/2024-7462</subfield>
  </datafield>
 </record>
</collection>
